| 000 | 00804cam a2200217 4500 | ||
|---|---|---|---|
| 008 | 970304 1996 | ||
| 020 | _a0419217800 | ||
| 035 | _a(Sirsi) u52420 | ||
| 041 | 0 | _aeng | |
| 050 | 0 | 4 | _a690.0285 $2 18 |
| 100 | 1 | _aBridges, Alan H. | |
| 245 | 0 | 4 |
_aThe construction net _bon-line information sources for the construction industry |
| 260 |
_aLondon _bE and F N Spon _c1996 |
||
| 300 |
_ax, 244p. _c25cm. |
||
| 350 | _a24.95 | ||
| 520 | _aA guide to using the internet for construction professionals with advice on using internet tools to find construction related information and a large number of references to information sources. | ||
| 651 | 4 |
_aUnited Kingdom _y |
|
| 690 | _aMANAGEMENT-BUSINESS MANAGEMENT-INFORMATION MANAGEMENT | ||
| 942 | _n0 | ||
| 948 | _c04/03/1997 | ||
| 999 |
_c93063 _d93063 |
||